| 000 | 00356nam a22001337a 4500 | ||
|---|---|---|---|
| 020 | _a9787300276076 | ||
| 040 | _cNUST | ||
| 082 |
_a951 _bLUL _22020 |
||
| 100 |
_aLulu, Li _986418 |
||
| 245 |
_aContemporary chinese soceity: _bBasic systems and daily life |
||
| 260 |
_aBeijing : _bChina Renmin University, _c2018. |
||
| 300 | _a241P ; | ||
| 942 |
_2ddc _cBK |
||
| 999 |
_c608380 _d608380 |
||